[Event "FRA-ch U16 Girls"]
[Site "Hyeres"]
[Date "2002.??.??"]
[Round "5.9"]
[White "Ramariavelo, Aurelie Anne"]
[Black "Bermond, Stephanie"]
[Result "1-0"]
[WhiteElo "1680"]
[BlackElo "1930"]
[PlyCount "115"]
[EventDate "2002.04.05"]
[EventType "swiss"]
[EventRounds "9"]
[EventCountry "FRA"]
[SourceTitle "EXT 2003"]
[Source "ChessBase"]
[SourceDate "2002.11.25"]
[SourceVersion "1"]
[SourceVersionDate "2002.11.25"]
[SourceQuality "1"]

1. e4 d6 2. d4 Nf6 3. Nc3 g6 4. Bg5 Bg7 5. Qd2 h6 6. Bh4 0-0 7. 0-0-0 a6 8. h3 b5 9. Bxf6 exf6 10. g4 c6 11. f4 b4 12. Nb1 Qa5 13. a3 c5 14. f5 Nc6 15. Nf3 Rb8 16. Bc4 Qb6 17. a4 Na5 18. Ba2 b3 19. cxb3 Nxb3+ 20. Bxb3 Qxb3 21. Nc3 Bd7 22. Qc2 Qxc2+ 23. Kxc2 cxd4 24. Rxd4 Rfc8 25. b3 Rb6 26. Rb1 Bf8 27. Rc4 Rbc6 28. Rxc6 Bxc6 29. Kb2 Rb8 30. Rc1 Rb4 31. Re1 Be7 32. Kc2 Rb8 33. Nd4 Ba8 34. Nd5 Bd8 35. Rb1 Ba5 36. Nxf6+ Kg7 37. Nd5 Rc8+ 38. Kd3 Bxd5 39. exd5 Rc3+ 40. Ke4 Rxh3 41. b4 Bb6 42. Nf3 h5 43. gxh5 Rxh5 44. fxg6 f5+ 45. Kf4 Kxg6 46. b5 axb5 47. axb5 Kf6 48. Rc1 Bc5 49. Re1 Kf7 50. Ng5+ Kf6 51. Re6+ Kg7 52. Kxf5 Kf8 53. Kg6 Rh1 54. Nh7+ Rxh7 55. Kxh7 Kf7 56. Kh6 Bd4 57. Kg5 Bc5 58. Kf4 1-0

[Event "FRA-ch U16 Girls"]
[Site "Hyeres"]
[Date "2002.??.??"]
[Round "8.9"]
[White "Roos, Eliane"]
[Black "Ramariavelo, Aurelie Anne"]
[Result "1-0"]
[WhiteElo "1790"]
[BlackElo "1680"]
[PlyCount "137"]
[EventDate "2002.04.05"]
[EventType "swiss"]
[EventRounds "9"]
[EventCountry "FRA"]
[SourceTitle "EXT 2003"]
[Source "ChessBase"]
[SourceDate "2002.11.25"]
[SourceVersion "1"]
[SourceVersionDate "2002.11.25"]
[SourceQuality "1"]

1. d4 e6 2. c4 d5 3. Nc3 c5 4. cxd5 exd5 5. e3 Nc6 6. Nf3 Nf6 7. Be2 Be6 8. 0-0 Be7 9. Bd2 0-0 10. Rc1 Rc8 11. Na4 cxd4 12. exd4 Qd7 13. Bb5 Rfd8 14. a3 Bd6 15. Re1 Qe7 16. Nc5 Bxc5 17. dxc5 Ne4 18. Be3 Nb8 19. b4 a5 20. Nd4 axb4 21. axb4 Nc6 22. f3 Nf6 23. Qd2 Na7 24. Ba4 Ra8 25. Ra1 Rdc8 26. Rec1 Nc6 27. Bf4 Nxd4 28. Qxd4 Ne8 29. Be5 f6 30. Bg3 Qf7 31. Bb3 Qd7 32. Rd1 Rxa1 33. Rxa1 Nc7 34. Bxc7 Rxc7 35. Rd1 Kf8 36. Bxd5 Bxd5 37. Qxd5 Qxd5 38. Rxd5 Ke7 39. Rd6 Rc6 40. Rxc6 bxc6 41. Kf2 Ke6 42. Ke3 Ke5 43. f4+ Kd5 44. Kd3 g6 45. h3 h6 46. h4 h5 47. g3 f5 48. Kc3 Ke4 49. b5 Kd5 50. b6 Kxc5 51. b7 Kd5 52. b8Q Ke4 53. Kd2 Kf3 54. Qb3+ Kg4 55. Ke2 c5 56. Qf7 Kxg3 57. Qxg6+ Kxf4 58. Qxh5 Ke5 59. Ke3 c4 60. Kd2 Ke4 61. Qe2+ Kd4 62. Qe3+ Kd5 63. Kc3 Kd6 64. Kxc4 Kd7 65. Qe5 Kd8 66. Qg7 Kc8 67. Kd5 Kd8 68. Kd6 Kc8 69. Qc7# 1-0